Super Mario Odyssey Power Moons - Sudden Death #2 - Statistics

General Stats
  • This quiz has been taken 29 times
  • The average score is 6 of 26
Answers on the Grid
Answers color-coded by a green-red scale on the quiz's grid according to % correct below.
Secret Path to Honeylune Ridge!
Moon Shards in the Shade
Moe-Eye Excavation
Chasing Klepto
Cappy’s Crash-Landing
I Met a Glydon!
Shopping Near Peach’s Castle!
Bird Traveling the Wastes
Lighting All the Lamps
Off the Beaten Wire
One Man’s Trash…
On the Power Line
Rolling Rock in the Rolling Canyon
Totally Classic!
Under the Ground
Desert Gardening: Seed on the Cliff
Found with Cascade Kingdom Art!
Jump Down to the Top of a Tree
Taking Notes: Hop on the Shop!
Above the Secret Flower Field
The Nut Under the Observation Deck
Captain Toad is Chilly!
Strollin' with the Spinies
Sitting on the Sandy Shore
Shopping in Crumbleden!
Exterminate the Ogres!
Caught on a Big Horn
Inside a Block is a Hard Place
Slippin' on the Snow
Shining on the Treetops
Poking Your Nose in the Plaster Wall
Piranha Plant Potter
A Request from the Mayor
Taking Notes: Vault Up Mount Volbono!
Taking Notes: Swimming in Magma
Above the Iron Mountain Path
Slip-Sliding Sensation!
Glowing in the Deep Woods
Nut Growing in the Iron Cage
Goomba Tower Assembly
Soirée Bouquet Returned!
Fight in Fossil Falls: Rematch
Sphynx in the City
Captain Toad Goes Forth!
Moon Shards in the Sea
Upon the Broken Arch
Caught Hopping Near the Water Plaza!
Dizzying Heights
Gobblin’ Fruit in the City
Mario Signs His Name
Deep in the Jungle Japes
Fire in the Cave
 
Answer Stats
Answer % Correct
Shopping Near Peach’s Castle!
42%
Caught on a Big Horn
33%
Dizzying Heights
33%
Goomba Tower Assembly
33%
Off the Beaten Wire
33%
One Man’s Trash…
33%
Sphynx in the City
33%
Above the Iron Mountain Path
25%
Captain Toad is Chilly!
25%
Desert Gardening: Seed on the Cliff
25%
Glowing in the Deep Woods
25%
Inside a Block is a Hard Place
25%
Jump Down to the Top of a Tree
25%
Taking Notes: Swimming in Magma
25%
Upon the Broken Arch
25%
A Request from the Mayor
17%
Bird Traveling the Wastes
17%
Chasing Klepto
17%
Exterminate the Ogres!
17%
Fire in the Cave
17%
Mario Signs His Name
17%
Moon Shards in the Sea
17%
Poking Your Nose in the Plaster Wall
17%
The Nut Under the Observation Deck
17%
Totally Classic!
17%
Under the Ground
17%
No matching quizzes found
Score Distribution
Percent of People with Each Score
Percentile by Number Answered
Your Score History
You have not taken this quiz